[Event "RSA-ch U14 Girls"]
[Site "Gauteng"]
[Date "2017.04.06"]
[Round "2"]
[White "Gardiner, Noa Saxon"]
[Black "Grove, Monique"]
[Result "1-0"]
[WhiteElo "1279"]
[BlackElo "877"]
[PlyCount "95"]
[EventDate "2017.04.05"]
[EventType "swiss"]
[EventRounds "11"]
[EventCountry "RSA"]
[SourceTitle "CBM 177 Extra"]
[Source "ChessBase"]
[SourceDate "2017.04.27"]
[SourceVersion "1"]
[SourceVersionDate "2017.04.27"]
[SourceQuality "1"]

1. e4 e5 2. Nf3 Nc6 3. Bc4 Bc5 4. Nc3 Nf6 5. d3 h6 6. a3 d6 7. Na4 b6 8. b4 Bd4 9. c3 b5 10. Bxb5 Bd7 11. Bxc6 Bxc6 12. cxd4 Qe7 13. 0-0 0-0 14. Bb2 Nd7 15. Rc1 Nb8 16. dxe5 d5 17. exd5 Bxd5 18. Nc5 Rc8 19. Re1 Rd8 20. d4 Nd7 21. Qd3 Nxc5 22. Rxc5 Rac8 23. Qf5 Be6 24. Qe4 c6 25. Qh4 Qxh4 26. Nxh4 g5 27. Nf3 Kh8 28. Rec1 Bd7 29. d5 cxd5 30. Rxc8 Bxc8 31. e6+ Kh7 32. exf7 Rf8 33. Rc7 Be6 34. Rxa7 Bxf7 35. Ne5 Kg8 36. Nxf7 Rxf7 37. Rxf7 Kxf7 38. a4 Ke7 39. a5 Kd7 40. a6 Kc7 41. b5 Kb6 42. Bd4+ Kc7 43. b6+ Kb8 44. Be5+ Ka8 45. b7+ Ka7 46. b8Q+ Kxa6 47. Bc7 d4 48. Qb6# 1-0

[Event "RSA-ch U12 Girls"]
[Site "Waterkloof"]
[Date "2015.04.04"]
[Round "1"]
[White "Hartley, Charne"]
[Black "Grove, Monique"]
[Result "1-0"]
[WhiteElo "1100"]
[BlackElo "652"]
[PlyCount "32"]
[EventDate "2015.04.04"]
[EventType "swiss"]
[EventRounds "9"]
[EventCountry "RSA"]
[SourceTitle "CBM 166 Extra"]
[Source "ChessBase"]
[SourceDate "2015.06.18"]
[SourceVersion "1"]
[SourceVersionDate "2015.06.18"]
[SourceQuality "1"]

1. e4 e5 2. Nf3 Nc6 3. Bc4 Bc5 4. Nc3 Nf6 5. d3 h6 6. Be3 Bxe3 7. fxe3 d6 8. h3 0-0 9. 0-0 Na5 10. b3 Nxc4 11. bxc4 b6 12. Nd5 Nh5 13. Nd2 c6 14. Qxh5 Qg5 15. Qxg5 hxg5 16. Ne7+ Kh8 1-0